| 000 | 00881nam a2200241 a 4500 | ||
|---|---|---|---|
| 001 | BRL_1771 | ||
| 005 | 20190320211348.0 | ||
| 008 | 290715s1972----mx-#######---#000-0#spa-# | ||
| 041 | _aspa | ||
| 044 | _amx | ||
| 050 | 4 |
_aF1434.2.R3 _b.S63 1972 |
|
| 110 | 2 |
_aSociedad Mexicana de Antropología _927834 |
|
| 245 | 1 | 0 |
_aReligion en mesoamerica _bXII Mesa Redonda |
| 260 |
_aCholula, Puebla _bSociedad Mexicana de Antropología _c1972 |
||
| 300 |
_a59 p. _c21 cm. |
||
| 500 | _aAu1976 | ||
| 500 | _aTexto en: español e inglés. | ||
| 500 | _aXII Reunion de Mesa Redonda de la Sociedad Mexicana Antropologia que se llevo a cabo en la universidad de las Americas en Cholula, Puebla, del 11 al 17 de julio de 1972. | ||
| 650 | 1 | 4 |
_aIndígenas de México _vCongresos _xReligión _923799 |
| 651 | 4 |
_aAmérica Central _vCongresos _xReligion _927835 |
|
| 902 | _aGRL | ||
| 942 |
_2lcc _cB |
||
| 999 |
_c10579 _d10579 |
||